000 00245nam a2200097Ia 4500
001 683090
005 20250826161431.0
008 250824s9999 xx 000 0 und d
245 0 _aSAFİYE HÜSEYİN
_cİSMAİL BİLGİN
260 _bTİMAŞ YAYINLARI
999 _c683090
_d683090